书目信息 |
| 题名: |
城市轨道交通列车运行控制
|
|
| 作者: | 李泽军 , 王珂 , 马得银 主编 | |
| 分册: | ||
| 出版信息: | 北京 中国建材工业出版社 2017.08 |
|
| 页数: | 230页 | |
| 开本: | 26cm | |
| 丛书名: | ||
| 单 册: | ||
| 中图分类: | U284.48 | |
| 科图分类: | ||
| 主题词: | 城市铁路--轨道交通--列车--运行--控制系统--高等学校--教材 | |
| 电子资源: | ||
| ISBN: | 978-7-5160-1934-4 | |
| 000 | 00923nam0 2200241 450 | |
| 001 | 5053 | |
| 005 | 20181014090015.16 | |
| 010 | @a978-7-5160-1934-4@dCNY62.00 | |
| 100 | @a20180819d2017 em y0chiy50 ea | |
| 101 | 0 | @achi |
| 102 | @aCN@b110000 | |
| 105 | @aa z 000yy | |
| 200 | 1 | @a城市轨道交通列车运行控制@9cheng shi gui dao jiao tong lie che yun xing kong zhi@f李泽军,王珂,马得银主编 |
| 210 | @a北京@c中国建材工业出版社@d2017.08 | |
| 215 | @a230页@c图@d26cm | |
| 330 | @a本书共分9章两附录,分别是城市轨道交通列车运行控制系统发展、城市轨道交通ATC控制系统、城市轨道交通信号控制关键技术、CASCO基于CBTC的ATC系统等。 | |
| 606 | 0 | @a城市铁路@x轨道交通@x列车@x运行@x控制系统@x高等学校@j教材 |
| 690 | @aU284.48@v5 | |
| 701 | 0 | @a李泽军@9li ze jun@c(轨道交通)@4主编 |
| 701 | 0 | @a王珂@9wang ke@c(城市轨道)@4主编 |
| 701 | 0 | @a马得银@9ma de yin@4主编 |
| 801 | 0 | @aCN@b91MARC@c20180819 |
| 905 | @aMuseLib@dU284.48@e774 | |
| 城市轨道交通列车运行控制/李泽军,王珂,马得银主编.-北京:中国建材工业出版社,2017.08 |
| 230页:图;26cm |
| ISBN 978-7-5160-1934-4:CNY62.00 |
| 本书共分9章两附录,分别是城市轨道交通列车运行控制系统发展、城市轨道交通ATC控制系统、城市轨道交通信号控制关键技术、CASCO基于CBTC的ATC系统等。 |
| ● |
| 相关链接 |
|
|
|
|
正题名:城市轨道交通列车运行控制
索取号:U284.48/774
 
预约/预借
| 序号 | 登录号 | 条形码 | 馆藏地/架位号 | 状态 | 备注 |
| 1 | 1127894 | 211278945 | 第二样本阅览室/ [索取号:U284.48/774] | 在馆 | |
| 2 | 1127895 | 211278954 | 密集书库-物理学院/ [索取号:U284.48/774] | 在馆 | |
| 3 | 1127896 | 211278963 | 第三借阅区/ [索取号:U284.48/774] | 在馆 | |
| 4 | 1127897 | 211278972 | 第三借阅区/ [索取号:U284.48/774] | 在馆 | |
| 5 | 1127898 | 211278981 | 第三借阅区/ [索取号:U284.48/774] | 在馆 |